000 00414nam a22001697a 4500
003 NUST - PNEC
005 20170116181001.0
008 150912b xxu||||| |||| 00| 0 eng d
020 _a-
040 _cLIBRARY
082 _a621.381959 LAI
100 _99534
_aLaird, R. T.
245 _aGRAPS: Graphical plotting system
_cR. T. Laird
260 _c-
650 _99538
_aPlotting system
_xMIS
942 _2ddc
_cBK
999 _c66716
_d66716